| 000 | 01050nas a2200337 4500 | ||
|---|---|---|---|
| 001 | BR2015002516 | ||
| 003 | BR-BrBNA | ||
| 005 | 20231205125303.0 | ||
| 007 | ta | ||
| 008 | 230509b bl.|||p| |||| 00| 00por d | ||
| 040 |
_aBR-BrBNA _bpor _cBiblioteca Nacional de Agricultura |
||
| 041 | _a(En) | ||
| 072 | _aQ03; | ||
| 100 | 1 | _aBovo, F. | |
| 100 | 1 | _aFranco, L.T. | |
| 100 | 1 | _aRosim, R.E. | |
| 100 | 1 | _aOliveira, C.A.F. de | |
| 110 | 1 | _a | |
| 245 | 1 | _aAbility of a Lactobacillus rhamnosus strain cultured in milk whey based medium to bind aflatoxin B1 | |
| 650 | _aSORO DE LEITE | ||
| 650 | _aPRODUTO DERIVADO DO LEITE | ||
| 650 | _aCONTAMINACAO BACTERIANA | ||
| 650 | _aBACTERIA | ||
| 650 | _aAFLATOXINA | ||
| 650 | _aCROMATOGRAFIA | ||
| 650 | _aANALISE COMPARATIVA | ||
| 773 | 0 |
_tCiência e Tecnologia de Alimentos (Brazil) _xISSN 1678-457X _g(Jul-Sep 2014), v. 34(3) p. 566-570 _wBR2015002516 |
|
| 856 | 4 | 0 | _uhttp://www.scielo.br/pdf/cta/v34n3/19.pdf |
| 909 |
_a202311 _bLúcia _c55 _dLúcia Elande |
||
| 942 |
_2AGRIS _n0 _cANA |
||
| 999 |
_c243621 _d243621 |
||